00770nam a2200181Ia 450000500170000000800410001702000180005808200220007610000210009824500460011926000240016530000140018965000220020394200070022599900190023295201920025195201450044320250409091945.0231217s9999 xx 000 0 und d a9788172246501 a001.64404 ZUR;30 aZurada, Jacek M. 0aIntroduction to artificial neural systems c2002bJaicoaMumbai axxiv, 683 aartificial,neural cAA c194631d194631 r2024-01-26 00:00:00l0o001.64404 ZUR;30p85232W15v297.50w2024-01-26yAA1040708CL00K17284L09/09/2019aMLbMLcCLd2013-04-03eSapna Book Houseg350.00EMCAGRSF1V52.5URupees r2024-01-26 00:00:00l0o001.64404 ZUR;31p90089W0w2024-01-26yAAzBK Books1040708CL00aMLbMLcCLd2015-09-03EMCAGRSF1V0URupees